00246nam a2200097Ia 4500008004100000082001400041100002100055245003400076260001800110600002000128241002s9999 xx 000 0 und d a331.8 AAR aAaronovitch, Sam 0aEconomics for Trade Unionists aLondon:c1966 aSocial Sciences